[Event "5th Sinquefield Cup 2017 GCT"]
[Site "Saint Louis"]
[Date "2017.08.04"]
[Round "3"]
[White "So, Wesley"]
[Black "Nakamura, Hikaru"]
[Result "1/2-1/2"]
[WhiteElo "2810"]
[BlackElo "2792"]
[Annotator "TA"]
[PlyCount "137"]
[EventDate "2017.??.??"]
[EventCountry "USA"]
[SourceTitle "playchess.com"]
[Source "ChessBase"]
[SourceQuality "1"]

{[%evp 16,137,25,6,13,0,4,0,0,0,0,-3,2,-7,0,0,0,-7,-11,-28,0,0,0,0,0,0,0,0,32,16,23,-4,0,0,25,22,40,29,34,41,70,50,35,67,55,29,25,32,36,27,17,8,83,79,79,76,87,73,81,75,71,61,77,82,82,86,75,83,83,75,81,85,85,86,79,77,81,79,79,72,74,60,75,70,73,68,70,68,85,61,75,75,75,75,84,63,63,63,90,90,90,90,112,52,91,76,91,90,110,53,90,8,11,11,11,8,8,8,8,8,8,8,8,8]} 1. e4 e5 2. Nf3 Nc6 3. Bc4 Bc5 4. O-O Nf6 5. d3 d6 6. a4 a6 7. c3 O-O 8. Re1 {C54: Giuoco Piano: 4 c3 Nf6, main lines with 5 d4 and 5 d3} Ba7 9. h3 {LiveBook: 53 Games} b5 10. Bb3 h6 $146 ({Predecessor:} 10... b4 11. a5 Rb8 12. Nbd2 Be6 13. Bxe6 fxe6 14. Nc4 {0-1 (51) Jakovenko,D (2703)-Aronian,L (2809) Geneve 2017}) 11. axb5 axb5 12. Be3 Bd7 {With the idea ...Bxe3.} 13. Bxa7 Rxa7 14. Nbd2 {[%cal Bb1d2,Bd2f1,Bf1e3,Be3g4][%mdl 32]} Rxa1 15. Qxa1 Nh5 16. Nf1 Qf6 17. Qd1 b4 18. d4 bxc3 19. bxc3 Nf4 20. Ne3 Qg6 21. Kh2 Re8 22. Ba4 Qf6 23. Ng4 Qe7 24. Ne3 Qf6 25. Bb5 exd4 26. cxd4 {Threatens to win with Qa4.} Nb8 27. Bf1 Ng6 28. Nd5 Qd8 29. Qc2 c6 30. Nc3 c5 31. Rd1 Nc6 32. dxc5 dxc5 33. Nb5 Qb8+ (33... Qe7 $1 $11 {keeps the balance.}) 34. Kg1 $16 Nb4 35. Qxc5 Bxb5 36. Qxb4 Bc6 {[#]} 37. Qxb8 $1 Rxb8 38. Bd3 Rb4 39. Rb1 Ra4 40. Bc2 Rc4 {[#]} 41. Rb8+ $1 Kh7 42. Bb3 Rc1+ 43. Kh2 Bxe4 44. Bxf7 Ne7 45. Re8 Rc7 46. Ne5 Bd5 47. Bh5 g6 48. Be2 Nc6 49. Ng4 Kg7 50. Ne3 Bf7 51. Re4 Rb7 52. Bf3 (52. Kg3 {seems wilder.} Rb3 53. Ra4 Rc3 54. Kh2 Ne5 55. Ra7) 52... Rb4 53. Rxb4 Nxb4 {[%mdl 4096] Endgame KBN-KBN} 54. Be4 Na6 55. f4 Nc5 56. Bb1 Nd7 57. g4 Nf6 58. Kg3 Nd5 59. Nd1 (59. Nxd5 $16 Bxd5 60. h4) 59... Be8 60. Be4 Ba4 61. Nb2 Nc3 62. Kf3 (62. Nxa4 $16 Nxe4+ 63. Kf3 Nd2+ 64. Ke3) 62... Bb5 63. Bb7 ({White should play} 63. g5 $16) 63... g5 {The position is equal.} 64. fxg5 hxg5 65. Be4 Nxe4 66. Kxe4 Bf1 67. Kf5 Bxh3 68. Kxg5 Bxg4 69. Kxg4 {Precision: White = 58%, Black = 58%.} 1/2-1/2

[Event "5th Sinquefield Cup 2017 GCT"]
[Site "Saint Louis"]
[Date "2017.08.04"]
[Round "3"]
[White "Caruana, Fabiano"]
[Black "Nepomniachtchi, Ian"]
[Result "1/2-1/2"]
[WhiteElo "2807"]
[BlackElo "2751"]
[Annotator "TA"]
[PlyCount "75"]
[EventDate "2017.??.??"]
[EventCountry "USA"]
[SourceTitle "playchess.com"]
[Source "ChessBase"]
[SourceQuality "1"]

{[%evp 13,75,0,6,0,3,0,0,0,0,0,0,0,0,0,2,0,14,12,6,15,6,0,1,2,0,-6,20,19,14,14,69,51,74,0,108,97,93,98,93,115,100,111,98,100,100,60,64,0,0,0,0,0,0,0,0,0,0,-7,0,0,0,0,0,0]} 1. e4 c5 2. Nc3 d6 3. Nge2 Nf6 4. g3 g6 5. Bg2 Nc6 6. d3 Bg7 7. h3 Rb8 {LiveBook: 30 Games} 8. a4 {B25: Closed Sicilian: 3 g3, lines without early Be3} (8. Be3 O-O 9. Qd2 b5 10. O-O b4 11. Nd1 Nd7 12. Bh6 Bxh6 13. Qxh6 Nd4 14. Qd2 a5 15. Ne3 Nb6 16. f4 f5 17. exf5 Nxe2+ 18. Qxe2 gxf5 19. a3 {1-0 (52) Rublevsky,S (2678)-Areshchenko,A (2687) Olginka 2011}) 8... a6 9. f4 Bd7 10. Be3 $146 ({Predecessor:} 10. g4 b5 11. axb5 axb5 12. Ng3 h6 13. O-O b4 14. Nce2 Qb6 15. Kh1 {0-1 (32) Carlsten,P (2133)-Rooze,J (2271) Dresden 2010}) 10... b5 11. axb5 axb5 12. Qd2 b4 13. Nd1 O-O 14. O-O Qc7 15. g4 Ra8 16. Rb1 Ra2 17. f5 Ne5 18. Bh6 Qa7 19. Kh1 Bb5 20. Bxg7 Kxg7 21. Nf4 {[%cal Be2f4,Bf4d5,Bd5c3][%mdl 32]} c4 (21... g5 $11 22. Nh5+ Kh8) 22. g5 $14 Nfd7 23. Ne3 (23. Qxb4 $16 {Threatens to win with d4.} cxd3 24. cxd3) 23... b3 {[#]} (23... cxd3 $11 24. cxd3 Nc5) 24. d4 $1 $16 {[%cal Rd4e5]} bxc2 25. Nxc2 Nd3 26. Nd5 e5 27. Nc3 Qa5 28. dxe5 N7xe5 29. Nd4 Bd7 {With the idea ...Rb8.} 30. Rfd1 (30. Qe3 $1 $14) 30... Qc5 $11 {The position is equal.} 31. Nxa2 {[#] Strongly threatening Qe3.} Qxd4 32. Rf1 Bc6 33. Nc3 Rb8 34. Qe2 Rb3 35. Nd1 Nc5 36. Nc3 Ncd3 37. Nd1 Nc5 {[%cal Rc5e4]} 38. Nc3 {Precision: White = 72%, Black = 64%.} 1/2-1/2

[Event "5th Sinquefield Cup 2017 GCT"]
[Site "Saint Louis"]
[Date "2017.08.04"]
[Round "3"]
[White "Vachier-Lagrave, Maxime"]
[Black "Svidler, Peter"]
[Result "1/2-1/2"]
[WhiteElo "2789"]
[BlackElo "2751"]
[Annotator "TA"]
[PlyCount "85"]
[EventDate "2017.??.??"]
[EventCountry "USA"]
[SourceTitle "playchess.com"]
[Source "ChessBase"]
[SourceQuality "1"]

{[%evp 13,85,23,20,12,13,13,15,16,8,7,16,8,9,0,0,0,0,0,0,0,16,30,18,0,41,0,41,41,52,29,99,107,106,99,209,205,197,157,155,154,150,150,150,153,140,147,150,124,95,80,83,0,0,0,0,0,0,0,0,0,0,0,0,0,0,0,0,-1,0,0,0,-7,0,0]} 1. e4 e5 2. Nf3 Nc6 3. Bb5 {[%cal Bf1b5,Bb5a4,Ba4b3,Bb3a2][%mdl 32]} a6 4. Ba4 Nf6 5. O-O Be7 6. d3 b5 7. Bb3 d6 8. a3 {C84: Closed Ruy Lopez: Unusual White 6th moves} (8. a4 Bd7 9. c3 Na5 10. Bc2 c5 11. d4 Qb8 12. Bg5 h6 13. Bh4 Be6 14. Nbd2 O-O 15. Re1 cxd4 16. cxd4 Rc8 {½-½ (30) Grischuk,A (2761)-Aronian,L (2809) Geneve 2017}) 8... Na5 9. Ba2 c5 10. Nc3 Be6 11. Nh4 O-O 12. Nf5 Nc6 (12... Bxf5 $5 13. exf5 d5 $11) 13. Nd5 $146 (13. Ne3 {looks sharper.} Nd7 14. Bd2 Rb8 15. Ncd5 Bg5 16. h3) ({Find the theoretical novelty and annotate with similar games:} 13. Bg5 Bxa2 14. Rxa2 Ne8 15. Be3 Bg5 16. Nd5 Bxe3 17. Nfxe3 Nf6 {½-½ (17) Hovhannisyan,R (2632)-Piorun,K (2681) Gjakova 2016}) 13... Bxf5 $1 14. exf5 Nxd5 15. Bxd5 Rc8 16. a4 Bf6 17. axb5 axb5 18. c4 bxc4 19. dxc4 Bg5 20. Be3 Kh8 21. Qh5 h6 (21... f6 $11) 22. Bxf7 $16 Nd4 23. h4 Bxe3 (23... Qe7 $16 {was necessary.}) 24. fxe3 $18 Qf6 ({Don't go for} 24... Nc2 $2 25. f6 $18) 25. Ra7 ({Don't take} 25. exd4 $6 Rxf7 26. dxe5 dxe5 $16) 25... Ne2+ 26. Qxe2 Rxf7 27. Rxf7 Qxf7 $16 {[%mdl 4096] Endgame KQR-KQR} 28. Qg4 Rb8 29. Ra1 Qf6 30. Qe4 Kh7 31. Ra2 h5 32. Kh2 (32. g3 $16) 32... d5 $1 $11 {[%cal Rd5e4] The position is equal.} 33. Qxd5 {[#] aiming for Qe4.} Qxh4+ 34. Kg1 Qe1+ 35. Kh2 {Threatens to win with Qe4.} Qh4+ 36. Kg1 Qe1+ 37. Kh2 {[#] And now Qe4 would win.} Qxe3 38. Qf7 Qf4+ 39. Kh1 Qh4+ 40. Kg1 Qe1+ 41. Kh2 Qh4+ 42. Kg1 Qd4+ 43. Kh1 {Precision: White = 75%, Black = 61%.} 1/2-1/2

[Event "5th Sinquefield Cup 2017 GCT"]
[Site "Saint Louis"]
[Date "2017.08.04"]
[Round "3"]
[White "Anand, Viswanathan"]
[Black "Carlsen, Magnus"]
[Result "1/2-1/2"]
[WhiteElo "2783"]
[BlackElo "2822"]
[Annotator "TA"]
[PlyCount "131"]
[EventDate "2017.??.??"]
[EventCountry "USA"]
[SourceTitle "playchess.com"]
[Source "ChessBase"]
[SourceQuality "1"]

{[%evp 20,131,12,0,0,10,7,0,0,0,9,0,16,5,21,0,0,0,0,0,0,0,0,0,0,0,0,0,0,0,0,0,0,0,0,0,0,-14,0,0,0,0,0,0,0,0,0,0,0,0,0,0,0,-13,0,-35,0,-22,0,-31,-23,-60,-60,-60,-60,-60,-60,-60,-60,-60,-60,-60,-60,-60,-60,-60,-60,-60,-60,-60,-60,-60,-60,-87,-87,-208,-159,-167,-167,-167,-167,-188,-231,-243,-252,-293,-270,-278,-51,-278,0,0,0,0,0,0,0,0,0,0,0,0,0,0]} 1. e4 e5 2. Nf3 Nc6 3. Bb5 a6 4. Ba4 Nf6 5. O-O b5 6. Bb3 Bc5 7. Nc3 O-O 8. d3 d6 {C78: Ruy Lopez: Archangelsk and Möller Defences} 9. Nd5 h6 10. c3 Rb8 11. Re1 {LiveBook: 6 Games} Ba7 12. Be3 Bxe3 13. Nxe3 $146 ({Predecessor:} 13. Rxe3 Na5 14. Bc2 c5 15. b4 cxb4 16. Nxb4 {½-½ (48) Carlsen,M (2851)-Giri,A (2790) Stavanger 2016}) 13... Re8 14. a4 b4 15. a5 bxc3 16. bxc3 Be6 17. Bxe6 (17. Ba4 $5 {[%cal Ra4c6]} Bd7 18. Qc2 $11) 17... Rxe6 18. Nd5 Ne7 19. Nxf6+ Rxf6 20. d4 Ng6 21. g3 Qc8 22. Re3 Rb5 23. Nd2 h5 24. h4 Qh3 25. Qf1 Qg4 26. Qe2 Qxe2 27. Rxe2 Re6 28. Nf1 Nf8 29. Rc2 exd4 30. cxd4 c5 31. dxc5 dxc5 32. Nd2 Rd6 33. Nc4 Rd4 34. Kg2 Ne6 35. Ra3 g6 ({Of course not} 35... Rxe4 $6 36. Nd6 $16) 36. Nd2 Kg7 37. Rac3 Rdb4 38. Ra2 Rd4 39. Rac2 Ra4 40. Nb3 {[#]} Rxb3 $1 {[%mdl 512]} 41. Rxb3 $15 {[%mdl 4096] Endgame KRR-KRN} Nd4 42. Rcb2 Nxb3 43. Rxb3 Rxe4 {KR-KR} 44. Rb6 Re6 45. Rb7 c4 {...Rc6 is the strong threat.} 46. Rc7 Re5 47. Rxc4 Rxa5 48. Rc6 Ra2 49. Kf3 a5 {[%cal Ba6a5,Ba5a4,Ba4a3][%mdl 32]} 50. Ra6 a4 51. Ke3 a3 52. Kf3 (52. Ke4 $17 {was called for.}) 52... f6 53. Ra7+ {[#]} Kf8 $1 54. Kg2 Ra1 55. Kf3 Ke8 56. Ra6 Ke7 57. Kg2 Kf7 58. Kf3 Ra2 $2 (58... a2 $19 {White must now prevent ...g5.} 59. Ke2 Ke7 60. Ra7+ Kd6) 59. Kg2 $2 {[#]} (59. Ke4 $15) 59... g5 $2 (59... Kg7 $1 $19 {aiming for ...Kf7.} 60. Ra7+ Kf8) 60. g4 $11 {The position is equal.} gxh4 (60... hxg4 $5 {[%cal Rg5h4]} 61. hxg5 fxg5 $17) 61. gxh5 Ra1 {Hoping for ...Kg7.} 62. Ra7+ Kg8 63. h6 Kh8 64. Kh2 f5 (64... h3 $5) 65. f4 a2 (65... h3 $5) 66. Kg2 {Precision: White = 65%, Black = 68%.} 1/2-1/2

[Event "5th Sinquefield Cup 2017 GCT"]
[Site "Saint Louis"]
[Date "2017.08.04"]
[Round "3"]
[White "Karjakin, Sergey"]
[Black "Aronian, Levon"]
[Result "1/2-1/2"]
[WhiteElo "2773"]
[BlackElo "2799"]
[Annotator "TA"]
[PlyCount "46"]
[EventDate "2017.??.??"]
[EventCountry "USA"]
[SourceTitle "playchess.com"]
[Source "ChessBase"]
[SourceQuality "1"]

{[%evp 17,46,12,9,21,16,0,0,7,14,0,4,0,44,24,33,20,23,19,31,26,43,22,16,10,14,14,14,0,15,0,24]} 1. e4 e5 2. Nf3 Nc6 3. Bc4 Bc5 4. c3 Nf6 5. d3 O-O 6. a4 {C54: Giuoco Piano: 4 c3 Nf6, main lines with 5 d4 and 5 d3} a6 7. O-O Ba7 8. Re1 d6 9. h3 b5 {LiveBook: 4 Games} 10. Ba2 b4 11. d4 $146 ({Find the theoretical novelty and annotate with similar games:} 11. Bg5 Rb8 12. Nbd2 h6 13. Bh4 Be6 14. Bc4 g5 {½-½ (34) Harikrishna,P (2737)-Mamedyarov,S (2800) Geneve 2017}) 11... bxc3 12. bxc3 Re8 13. Be3 h6 ({Don't play} 13... Nxe4 $6 14. d5 $16) 14. Nbd2 Na5 15. Rb1 (15. Qe2 {keeps more tension.} Be6 16. Bb1 Bd7 17. Bc2 Bb6 18. Rab1) 15... Be6 16. Qc2 Bxa2 17. Qxa2 Bb6 18. Qc2 Nd7 19. Qd3 Qe7 {The position is equal.} 20. Rb2 Nc6 21. Qc4 Na5 22. Qd3 Nc6 23. Qc4 Na5 {Precision: White = 31%, Black = 80%.} 1/2-1/2

[Event "5th Sinquefield Cup 2017 GCT"]
[Site "Saint Louis"]
[Date "2017.08.05"]
[Round "4"]
[White "Carlsen, Magnus"]
[Black "Vachier-Lagrave, Maxime"]
[Result "0-1"]
[WhiteElo "2822"]
[BlackElo "2789"]
[Annotator "TA"]
[PlyCount "142"]
[EventDate "2017.??.??"]
[EventCountry "USA"]
[SourceTitle "playchess.com"]
[Source "ChessBase"]
[SourceQuality "1"]

{[%evp 16,142,37,30,35,39,42,43,28,7,26,0,0,0,0,0,25,0,0,-22,-16,-5,-10,-28,0,-20,14,0,0,0,0,0,0,0,0,0,48,0,0,0,0,0,31,0,0,0,0,0,0,0,0,0,0,0,0,0,0,0,0,0,0,0,0,0,0,0,55,53,114,98,104,75,87,54,197,209,218,5,5,0,0,-154,-147,-147,-119,-549,-554,-546,-522,-775,-737,-665,-614,-895,-885,-1887,-1789,-1210,-1484,-1593,-1585,-1427,-1124,-783,-1470,-1487,-1400,-1266,-1272,-1228,-1072,-12834,-12835,-12835,-12835,-12836,-12836,-12839,-12840,-12840,-12840,-12843,-12843,-12844,-12844,-12845,-12843,-12844,-12843]} 1. Nf3 Nf6 2. c4 c5 3. Nc3 d5 4. cxd5 Nxd5 5. e3 Nxc3 6. dxc3 {A34: Symmetrical English: 2 Nc3, lines with ...d5} Qxd1+ 7. Kxd1 Bf5 8. Nd2 Nc6 9. e4 {LiveBook: 3 Games} Bg6 $146 ({Predecessor:} 9... Be6 10. Kc2 g6 11. Bc4 Bd7 12. Nb3 b6 13. a4 {1-0 (31) Radjabov,T (2724)-Svidler,P (2749) Geneve 2017}) 10. Bb5 Rc8 11. h4 h5 12. Re1 e6 13. a4 Be7 14. g3 O-O 15. a5 Rfd8 16. a6 b6 17. Kc2 Ne5 {[%cal Bc6e5,Be5g4,Bg4f2][%mdl 32] Black wants to play ...c4.} 18. f4 Ng4 19. Kb3 f6 20. Nc4 Nf2 21. e5 (21. f5 $5 Bf7 22. fxe6 Bxe6 23. e5 $11) 21... Ne4 22. Be3 Bf5 23. Rg1 Rd5 24. Rae1 Kf7 25. Bc1 Bh7 26. Re3 Rcd8 27. Bc6 Nf2 28. Re2 Nd3 29. exf6 gxf6 30. Bb5 Rg8 {And now ...Rxg3! would win.} 31. Bd2 Rgd8 32. Be3 Be4 33. Rd2 Rg8 34. Ka4 Rgd8 35. Kb3 Rg8 36. Ka2 f5 37. Rh2 Rc8 38. Rd2 Rg8 39. Re2 Bf3 40. Rh2 Bf6 (40... Rc8 $11) 41. Nd2 Bg4 (41... Rc8 $14) 42. Rf1 $1 $16 Rgd8 43. Nc4 $1 e5 44. fxe5 Bxe5 ({Better is} 44... Nxe5 $14 45. Bf4 Kf8) 45. Bg5 $18 {Strongly threatening Ne3.} Bxg3 46. Rg2 $2 ({White must play} 46. Rd2 $1 $18) 46... Bh3 $11 47. Rxg3 Bxf1 48. Rf3 $2 ({White should play} 48. Bxd8 $11 Rxd8 49. Rf3) 48... Be2 $1 $17 {[%cal Re2f3]} 49. Bxd8 {Rxd3 is the strong threat.} Bxf3 {[#]} 50. Bxb6 $1 {[%mdl 8704]} axb6 $19 {Black is clearly winning.} 51. Bc6 {Threatens to win with a7.} Be4 {Hoping for ...Rd8.} 52. a7 Rd8 53. Nd6+ Rxd6 54. Bxe4 Rd8 ({Worse is} 54... fxe4 55. a8=Q $11) 55. a8=Q Rxa8+ 56. Bxa8 {[%mdl 4096] Endgame KB-KN} Ne5 57. Kb3 f4 58. Kc2 Kg7 59. Kd2 Ng6 60. Kd3 Nxh4 61. Ke4 f3 62. Ke3 Kf6 63. b4 {[#]} c4 $1 64. Bd5 Kf5 65. Bxc4 Kg4 66. Kf2 {[#]} Ng6 $1 {[%cal Rg6e5]} 67. Be6+ Kf4 68. Bf7 Ne5 69. Bxh5 Nd3+ 70. Kf1 Kg3 71. Bf7 Nf2 {Precision: White = 58%, Black = 63%.} 0-1

[Event "5th Sinquefield Cup 2017 GCT"]
[Site "Saint Louis"]
[Date "2017.08.05"]
[Round "4"]
[White "Caruana, Fabiano"]
[Black "Karjakin, Sergey"]
[Result "1/2-1/2"]
[WhiteElo "2807"]
[BlackElo "2773"]
[Annotator "TA"]
[PlyCount "62"]
[EventDate "2017.??.??"]
[EventCountry "USA"]
[SourceTitle "playchess.com"]
[Source "ChessBase"]
[SourceQuality "1"]

{[%evp 13,62,5,16,0,29,22,18,9,33,0,0,0,0,-3,0,0,0,-6,-7,-14,-11,-2,0,0,0,-7,-7,-7,0,0,26,16,10,10,19,0,10,-2,0,0,0,0,0,-4,7,4,9,8,5,3,10]} 1. e4 e5 2. Nf3 Nc6 3. Bb5 Nf6 4. d3 Bc5 5. c3 d5 (5... O-O 6. O-O Re8 7. Bg5 a6 8. Bc4 Be7 9. a4 d6 10. Nbd2 h6 11. Bh4 Nh5 12. Bxe7 Qxe7 13. Re1 Nf4 {½-½ (39) So,W (2810)-Anand,V (2783) Leon 2017}) 6. exd5 {C65: Ruy Lopez: Berlin Defence (3...Nf6), unusual lines and 4 0-0 Bc5} Qxd5 7. Bc4 Qd6 {LiveBook: 9 Games} 8. Nbd2 (8. Qe2 $5 {[%cal Rd3d4]} Bb6 9. b4 $11) 8... O-O 9. b4 $146 ({Predecessor:} 9. Qe2 Bf5 10. Ng5 Bg4 11. f3 Bf5 12. Nde4 Nxe4 13. fxe4 {1-0 (43) Perunovic,M (2604)-Sousa,A (2380) Lisbon 2017}) 9... Bb6 10. a4 e4 11. dxe4 {[#] Black must now prevent a5.} Ne5 12. Qe2 {Threatens to win with a5.} a5 13. O-O Bg4 14. bxa5 Rxa5 15. Ba3 $132 {[%mdl 2048] White puts up resistance} Bc5 16. Bb4 $1 {[%cal Rb4a5]} Bxb4 17. cxb4 Qxb4 {[#] And now ...Bxf3 would win.} (17... Bxf3 $5 18. Nxf3 Nxf3+ 19. Qxf3 Qxb4 $11) 18. Rfb1 Qd6 19. h3 Bxf3 20. Nxf3 b6 21. Bb5 Raa8 {[%cal Ba5a8,Ba8d8,Bd8d6,Bd6d4][%mdl 32]} 22. Re1 (22. Rd1 $5 {[%cal Rd1d6]} Nxf3+ 23. Qxf3 $14) 22... Rad8 {The position is equal.} 23. Rac1 c5 24. Rc3 {[%cal Bc1c3,Bc3b3,Bb3b5][%mdl 32]} g6 25. Rb3 Nxf3+ 26. Qxf3 Qe5 27. Bc4 Rd6 28. Rb5 Rd4 29. Rxb6 Rxc4 30. Qxf6 Qxf6 31. Rxf6 Rxa4 {Precision: White = 61%, Black = 64%.} 1/2-1/2

[Event "5th Sinquefield Cup 2017 GCT"]
[Site "Saint Louis"]
[Date "2017.08.05"]
[Round "4"]
[White "Aronian, Levon"]
[Black "Anand, Viswanathan"]
[Result "1/2-1/2"]
[WhiteElo "2799"]
[BlackElo "2783"]
[Annotator "TA"]
[PlyCount "54"]
[EventDate "2017.??.??"]
[EventCountry "USA"]
[SourceTitle "playchess.com"]
[Source "ChessBase"]
[SourceQuality "1"]

{[%evp 15,54,12,55,-4,-4,-4,-4,-8,-6,-9,0,-20,-11,-14,-7,-27,-22,-27,-12,-12,-12,-12,-14,-16,-19,-8,-5,-33,-33,-32,-27,-22,-27,-30,-8,-25,0,-33,0,-45,0]} 1. c4 c5 2. Nf3 Nc6 3. Nc3 Nf6 4. g3 d5 5. cxd5 Nxd5 6. Bg2 g6 7. h4 {[%cal Bh2h4,Bh4h5][%mdl 32] A34: Symmetrical English: 2 Nc3, lines with ...d5} (7. d3 Bg7 8. Bd2 O-O 9. O-O b6 10. d4 cxd4 11. Nxd5 Qxd5 12. Nxd4 Qxd4 13. Bxc6 Bh3 14. Bc3 Qxd1 15. Rfxd1 Rad8 16. Bxg7 Kxg7 17. Bd5 Kf6 {½-½ (27) Nisipeanu,L (2683)-Vachier Lagrave,M (2791) Dortmund 2017}) 7... Bg7 8. h5 Bf5 {LiveBook: 14 Games} 9. Ng5 ({White should try} 9. Qb3 $14 Ncb4 10. Kf1) 9... e6 $11 10. h6 $146 ({Find the theoretical novelty and annotate with similar games:} 10. Nge4 c4 11. Qa4 Nb6 12. Qd1 Nd5 13. Qa4 Nb6 14. Qd1 {½-½ (14) Van Wely,L (2685)-Heimann,A (2586) Novi Sad 2016}) 10... Bf6 11. Nge4 Be7 12. d3 Bxe4 13. Bxe4 O-O 14. Bd2 Qd7 15. Rc1 Rfd8 16. Bg2 b6 17. Qa4 Rab8 18. O-O Nd4 {[#] aiming for ...Nxc3.} 19. Qxd7 Rxd7 20. Rfe1 Rbd8 21. g4 Nb4 22. a3 Nd5 23. Nxd5 exd5 24. Rc3 Nb5 25. Rc2 Nd4 26. Rc3 $1 Nb5 27. Rc2 Nd4 {Precision: White = 65%, Black = 70%.} 1/2-1/2

[Event "5th Sinquefield Cup 2017 GCT"]
[Site "Saint Louis"]
[Date "2017.08.05"]
[Round "4"]
[White "Nepomniachtchi, Ian"]
[Black "Nakamura, Hikaru"]
[Result "1-0"]
[WhiteElo "2751"]
[BlackElo "2792"]
[Annotator "TA"]
[PlyCount "65"]
[EventDate "2017.??.??"]
[EventCountry "USA"]
[SourceTitle "playchess.com"]
[Source "ChessBase"]
[SourceQuality "1"]

{[%evp 22,65,22,25,30,26,27,29,35,27,33,30,29,27,29,0,0,0,0,0,74,66,174,162,256,270,262,271,274,272,260,257,270,261,277,271,393,387,390,382,854,808,792,784,768,552]} 1. d4 Nf6 2. c4 e6 3. Nf3 d5 4. Nc3 Be7 5. Bf4 O-O 6. e3 c5 7. dxc5 Bxc5 8. cxd5 Nxd5 9. Nxd5 exd5 10. Bd3 Bb4+ {D37: Queen's Gambit Declined: 5 Bf4} 11. Nd2 Nc6 12. O-O {LiveBook: 15 Games} Be6 {White has an edge.} (12... Be7 13. a3 Bf6 14. Nf3 Qe7 15. h3 g6 16. Qd2 Be6 17. Rac1 Rfd8 18. b4 {½-½ (76) Giri,A (2771)-Karjakin,S (2781) Stavanger 2017}) 13. Nf3 Be7 $146 ({Predecessor:} 13... Bg4 14. h3 Bh5 15. Be2 Re8 16. Rc1 Be7 17. Ne5 Bxe2 18. Qxe2 {1-0 (54) Gabriel,R (2255)-Klovans,J (2440) Schwaebisch Gmuend 1993}) 14. Rc1 Bf6 15. a3 Qe7 16. b4 a6 17. h3 Rac8 18. Rc5 a5 19. Qb1 $36 {[%mdl 2048] White fights for an advantage.} axb4 20. axb4 b6 (20... h6 $11) 21. Rcc1 $16 ({Reject} 21. Bxh7+ $6 Kh8 $11) 21... g6 {[#]} (21... Nxb4 $14 22. Bxh7+ Kh8) 22. Ba6 $1 $18 Nxb4 (22... Bf5 {was necessary.} 23. Qb3 Ne5) 23. Bxc8 Rxc8 24. Rxc8+ Bxc8 25. Rc1 Bf5 26. Qb3 Nd3 27. Rc7 Qd8 28. Bg3 ({Much less strong is} 28. Qxb6 $6 Nxf4 29. exf4 Be6 $18) 28... h5 (28... Ne5 $142) 29. Qxb6 h4 30. Bd6 Be4 $2 (30... Be6 31. Qc6 Kg7) 31. Qc6 {[#] Strongly threatening Rc8.White is clearly winning.} Kg7 32. Rc8 d4 33. Qxe4 {Precision: White = 90%, Black = 51%.} 1-0

[Event "5th Sinquefield Cup 2017 GCT"]
[Site "Saint Louis"]
[Date "2017.08.05"]
[Round "4"]
[White "Svidler, Peter"]
[Black "So, Wesley"]
[Result "1/2-1/2"]
[WhiteElo "2751"]
[BlackElo "2810"]
[Annotator "TA"]
[PlyCount "58"]
[EventDate "2017.??.??"]
[EventCountry "USA"]
[SourceTitle "playchess.com"]
[Source "ChessBase"]
[SourceQuality "1"]

{[%evp 17,58,0,0,0,0,0,0,0,8,10,0,0,0,0,26,0,26,24,29,6,10,15,14,14,16,12,7,10,5,26,31,0,0,0,0,0,0,0,0,0,0,0,0]} 1. e4 e5 2. Nf3 Nc6 3. Bc4 Bc5 4. c3 Nf6 5. d4 exd4 6. e5 d5 7. Bb5 Ne4 8. cxd4 Bb6 9. Nc3 O-O 10. Be3 {C54: Giuoco Piano: 4 c3 Nf6, main lines with 5 d4 and 5 d3} Bg4 11. h3 Bh5 12. Qc2 Bg6 13. Qb3 Ne7 14. O-O c6 15. Bd3 Nf5 (15... Nxc3 {is more complex.} 16. Qxc3 f6 17. exf6 Rxf6 18. Ne5 Bxd3 19. Qxd3 Qd6) 16. Rae1 {[%cal Ba1e1,Be1e4,Be4e6][%mdl 32] [#]} (16. Qc2 {is interesting.} Nxe3 17. fxe3 Ng3 18. Bxg6 hxg6 19. Rfd1) 16... Nxd4 $146 (16... Ba5 {feels hotter.} 17. e6 fxe6 18. Bxe4 dxe4 19. Ne5 Qe7) ({Predecessor:} 16... Nxe3 17. Rxe3 Ng5 18. Nxg5 Qxg5 {½-½ (59) Najer,E (2682)-Vitiugov,N (2731) Sochi 2017}) 17. Bxd4 Bxd4 18. Nxe4 (18. Nxd4 $2 Nc5 $17) 18... dxe4 19. Bxe4 Bxe4 20. Rxe4 Bb6 21. e6 {[#] And now e7 would win.} Qe7 22. exf7+ Qxf7 23. Re6 Kh8 $1 24. Ne5 Bxf2+ {The position is equal.} 25. Kh1 Qg8 26. Nd7 $1 {[%cal Rd7f8]} Rf7 27. Ne5 {[#] Re8! is the strong threat.} Rff8 $1 28. Nd7 $1 {[%cal Rd7f8]} Rf7 29. Ne5 {Strongly threatening Re8!} Rff8 $1 {Precision: White = 81%, Black = 68%.} 1/2-1/2